000
nam a22 7a 4500
999
_c
328623
_d
328623
003
Nust
005
20170412155430.0
008
170412b xxu||||| |||| 00| 0 eng d
040
_c
DLC
082
_a
350 CHO
100
_a
Chomsky Noam
245
_a
Failed States /
260
_a
Australia:
_b
Allen & Unwin
300
_a
319p. :
942
_2
ddc
_c
BK